000 00584nam a22002177a 4500
003 UA-OsUOA
001 95304
007 ta
008 20130227b un ||||| |||| 00| 0 ukr d
100 _aГерсон І.
090 _a82
_bГ39
942 _cSA
040 _aUA-OsUOA
_bukr
_cUA-OsUOA
_dUA-OsUOA
245 _aПодорож разом із Данте
300 _aС.31-33
955 _a0
041 _aukr
080 _a82
773 0 _w95303
_tСвітова література
_dК.
_d2013
_g3
650 7 _a82 Література. Літературознавство
_2UDC
999 _c381553
_d381553